00966nam a22002777a 4500003000900000005001700009008003100026020001500057040002200072092001700094100001900111245011900130250001200249260002600261300002900287490001900316521002600335700002700361700002800388830001900416942001200435945002700447952016500474956003200639999001700671DO-SdBNP20180206105024.0160718 1992 sp a spa d a8434825309 aBPMSUbspacBPMSU axxxxxbxxxxx1 aObiols, Miguel10aUna de indios y otras historias /cMiguel Obiols ; ilustraciones Miguel Calatayud ; traducción Angelina Gatell  a4a. ed. aMadrid : bSM,c1992. a119 p. :bil. ;c18 cm. 1 aCatamaránv4 aA partir de 9 años.12aCalatayud, Migueleil.12aGatell, Angelinaetrad. 0aCatamaránn4 2ddccBK aInventariado, 2018 /LP 00102ddc40708CI-GaBPMETbBPMETd2017-01-16eDonado por la Agencia de Cooperación Internacional del Japón l0pBPMSU17010045r2017-01-16w2017-01-16yBK 2YLOCKWARD3108BPMSUa00144 c12465d12465